Технический анализ. Полный курс: пер. с англ.

Detalhes bibliográficos
Autor principal: Швагер Дж. Джек
Resumo:Книга, написанная признанным экспертом в области финансовых рынков Джеком Швагером — наиболее полное исследование в области технического анализа. В книге изложены основные понятия, методы, торговые приемы, индикаторы и системы. Основной акцент сделан на практическом использовании аналитических методов при работе на финансовых рынках. Книга рассчитана как на трейдеров-профессионалов, так и на начинающих инвесторов, работающих на рынках фьючерсов, акций, облигаций и валют.
Idioma:russo
Publicado em: Москва, Альпина Бизнес Букс, 2008
Edição:5-е изд.
Assuntos:
Formato: Livro
KOHA link:https://koha.lib.tpu.ru/cgi-bin/koha/opac-detail.pl?biblionumber=322876

MARC

LEADER 00000nam0a2200000 4500
001 322876
005 20231102003521.0
010 |a 9785961407174 
035 |a (RuTPU)RU\TPU\book\348434 
035 |a RU\TPU\book\81335 
090 |a 322876 
100 |a 20161006d2008 km y0rusy50 ca 
101 1 |a rus  |c eng 
102 |a RU 
105 |a a z 000zy 
200 1 |a Технический анализ. Полный курс  |e пер. с англ.  |f Дж. Швагер 
205 |a 5-е изд. 
210 |a Москва  |c Альпина Бизнес Букс  |d 2008 
215 |a 805 с.  |c ил. 
330 |a Книга, написанная признанным экспертом в области финансовых рынков Джеком Швагером — наиболее полное исследование в области технического анализа. В книге изложены основные понятия, методы, торговые приемы, индикаторы и системы. Основной акцент сделан на практическом использовании аналитических методов при работе на финансовых рынках. Книга рассчитана как на трейдеров-профессионалов, так и на начинающих инвесторов, работающих на рынках фьючерсов, акций, облигаций и валют. 
606 1 |a Финансовый анализ  |2 stltpush  |3 (RuTPU)RU\TPU\subj\37212  |9 58317 
606 1 |a Финансовые рынки  |x Технический анализ  |2 stltpush  |3 (RuTPU)RU\TPU\subj\71727  |9 85510 
610 1 |a экономика 
610 1 |a экономический анализ 
610 1 |a технический анализ 
610 1 |a графики 
610 1 |a анализ 
610 1 |a графические модели 
610 1 |a графический анализ 
610 1 |a фьючерсные контракты 
610 1 |a японские свечи 
610 1 |a реальная жизнь 
610 1 |a циклы 
610 1 |a осцилляторы 
610 1 |a торговля 
610 1 |a торговые системы 
610 1 |a тестирование 
610 1 |a результативность 
610 1 |a трейдинг 
686 |a У053  |v LBC/SL-A  |2 rubbk 
686 |a У826.21  |v LBC/SL-A  |2 rubbk 
700 1 |a Швагер  |b Дж.  |g Джек 
801 1 |a RU  |b 63413507  |c 20050411  |g PSBO 
801 2 |a RU  |b 63413507  |c 20161013  |g PSBO 
900 |a Финансы 
900 |a Финансы и денежное обращение 
942 |c BK